Rocks, Minerals and Gemstones - Statistics

General Stats
  • This quiz has been taken 668 times
  • The average score is 8 of 15
Answer Stats
Hint Answer % Correct
What green precious gemstone is primarily made of beryllium? Emerald
87%
What common metal oxidizes to a green color? Copper
80%
What is another name for pyrite? Fool's Gold
77%
What common mineral is the basis for many semi precious gemstones, including amethyst and citrine? Quartz
77%
What does the Moh's scale measure in minerals? Hardness
75%
Sandstone, shale, and conglomerate are examples of what type of rock? Sedimentary
72%
Where do igneous rocks come from, primarily? Volcanoes
61%
What would you call a rock with a crystalline lining around an inner cavity? Geode
58%
____ is the only mineral directly consumed by people. Salt
49%
What would you call someone who studies minerals? Mineralogist
40%
What is the largest blue diamond in the world? The Hope Diamond
31%
What mineral is the base of both ruby and sapphire? Corundum
30%
Which is the only U.S. state where you could find a diamond mine? Arkansas
29%
And where is it ^ located? The Smithsonian Museum of Natural History
21%
What man-made gemstone is often used as a substitute for diamonds in jewelry? Cubic Zirconium
18%
No matching quizzes found
Score Distribution
Percent of People with Each Score
Percentile by Number Answered
Your Score History
You have not taken this quiz